00894nam a2200205 i 450000100060000000300090000600500170001500700030003200800410003510000340007624501850011026000580029530000540035360000500040761000420045770000280049985200220052799900170054995201220056668247ES-MaACL20230906170231.0t|040611s1966 sp af |||| | spa d1 aGarcía Abad, Albano.95410710aSoria, fundación de Sta. Teresa b: la fundación del Convento de Carmelitas Descalzas de la ciudad de Soria por Sta. Teresa de Jesús / cAlbano García Abad, Víctor Higes. aBurgos : b[s.n., c1966] (fTip. "El Monte Carmelo") aXX, 21, 383 p., 4 p. de lám. : bil. ; c21 cm.00aTeresa de Jesús,cSanta,d1515-1582922651024aCarmelitas Descalzas-zSoria.91705241 aHiges, Víctor.963633 aES-MaACLjC-30789 c68247d68247 00104070aATENEOMbATENEOMcDEPO2d2008-01-17eSCl0oC-30789p1071444r2023-02-23 00:00:00w2023-02-23yMONOGRAFIA